000 00638cam a22002171 4500
001 med47000777
003 DLC
005 20260227111600.0
008 761204s1946 xx 000 0 eng c
010 _amed47000777
035 _a(OCoLC)2595079
040 _aU.S. Army medical library
_cO
_dOCoLC
_dDLC
042 _apremarc
050 0 0 _aRC310
_b.M33
082 _a616.24609
100 1 _aMcCall, Marie,
_d1909-
245 1 4 _aThe long adventure;
_bchapters in the story of tuberculosis control.
260 _a[New York?]
_bNational Tuberculosis Assn.,
_cc1946.
300 _a31 p.
_billus.
_c23 cm.
650 0 _aTuberculosis
_xHistory.
999 _c38175
_d38175